00701nam a2200241 a 450000100060000000300080000600500170001400800410003102000150007203500190008704000320010604100080013808200240014610000240017024500730019426000310026730000330029850400500033165000210038165000200040270000210042270000160044368359BD-RjUL20211209081747.0870217s1987 nyua b 001 0 eng  a0471809152 a(BD-RjUL)68569 aDLCcDLCdDLCdBD-RjULbeng aeng00223a634.9bZOG 19871 aZobel, Bruced1920-10aGrowing exotic forests /cBruce J. Zobel, Gerrit van Wyk, Per Stahl. aNew York :bWiley,cc1987. axx, 508 p. :bill. ;c24 cm. aIncludes Bibliography: p. 413-485 and indexes 0aExotic forestry. 0aExotic forests.1 aVan Wyk, Gerrit.1 aStahl, Per.